Uconn womens basketball quiz - Statistics

General Stats
  • This quiz has been taken 268 times
  • The average score is 11 of 15
Answer Stats
Hint # Player/Person % Correct
1) Aka "Ms Buckets", nationalphenom and #1 WNBA draft pick for 2025 5 Paige Bueckers
100%
7) She was voted most outstanding player for2025, a stellar guard and defensive great 35 Azzi Fudd
92%
4) Another legend who played from1998-2002 and won 4 WNBA titles with Seattle 10 Sue Bird
89%
8) The Croatian sensation aka "secretary ofdefense", she is now a member of the Seattle Storm 10 Nika Muhl
87%
3) Uconn great who won the 2004 title and played 20 seasons in the WNBA for Phoenix 3 Diana Taurasi
86%
14) Freshman of the Year for 2025 and a crucialmember of Uconns big 3 21 Sarah Strong
86%
10) Led Uconn to 4 national titles, now a vitalmember of the NY Liberty and co creator of the Unrivaled league 30 Breanna Stewart
84%
15) Egyptian native and current Uconn center, sheis a vital role to the core team with her defense 8 Jana El Alfy
84%
6) 12 time champion, 40 year running coach n/a Geno Auriemma
81%
2) This superstar is the all timepoints leader, played from 2009-2011 23 Maya Moore
79%
5) #4 on the all time scoring list, sheis now a "phee"-nom for the Minnesota Lynx and creator of the Unrivaled league 24 Napheesa Collier
79%
13) This Canadian great and Uconn power phenom is now a member of the Washington Mystics 24 Aaliyah Edwards
72%
9) Assistant coach for Uconn and Genos'right hand woman n/a Chris Dailey
62%
11) #5 on the all time scoring list, she led Uconnto 2 titles and is now the WNBA 2nd all time leading scorer 31 Tina Charles
47%
12) She is #7 on Uconns scoring list and an 8x WNBA all star. Now an assistant coach at Georgia 42 Nykesha Sales
23%
No matching quizzes found
Score Distribution
Percent of People with Each Score
Percentile by Number Answered
Your Score History
You have not taken this quiz